Essential Sources of Canadian Law

Bibliographic Details
Main Author: Eaton, John
Other Authors: Le May, Denis
Format: eBook
Language:English
Published: Toronto: Irwin Law Inc., 2009
Subjects:
Online Access:Acceso restringido

MARC

LEADER 00000nam a22000007a 4500
005 20210809234655.0
007 cr|||| ||||
008 210809s2009 ca |||||s|||| 00||0 eng d
020 |a 9781552213070 
035 |a 34905 
040 |a vLex 
090 |c 11949  |d 11949 
100 1 |a Eaton, John 
245 1 0 |a Essential Sources of Canadian Law  |h [Recurso electrn̤ico] /  |c John Eaton, Denis Le May 
256 |a Servicio en ln̕ea 
260 |a Toronto:  |b Irwin Law Inc.,  |c 2009 
300 |a 1 recurso electrn̤ico 
500 |a Following the premise that legal research should begin with secondary sources, John Eaton and Denis Le May have compiled a bibliographic reference to the most authoritative secondary sources in French and English. The book is arranged according to topic, with 105 topics cross-referred between French and English, and includes both civil and common law sources. This unique work will be applicable throughout the entire country — geographically, linguistically, and juridically. Each topic includes a short descriptor, orienting the reader to the nature of the topic and to its jurisdictional fundamentals as it is often important to know which entities are the ultimate creators of the statutes, regulations, and jurisprudence associated with the topic. Each of these topic descriptors is provided in English and in French. This work will be of interest to a wide range of potential users, including Canadian legal researchers, scholars, librarians, and students. It will also serve as a valuable tool for those less familiar with Canadian legal resources and who need assistance in determining where to look for sources on their topic of interest. Self-represented litigants, public libraries, and non-Canadian legal researchers are just a few examples of groups who could put this work to good use. 
506 1 |a Disponible solo en los productos indicados  |d vLex Global  |d vLex Global (Academic Edition, excluding Law Schools)  |d vLex Global (U.S. Academic Edition, Law Schools)  |d vLex Global (U.S. Academic Edition, excluding Law Schools)  |d vLex Global (Academic Edition, Law Schools) 
650 0 4 |a Derecho Civil  |z Canad̀ 
650 0 4 |a Derecho Pb︢lico y Administrativo  |z Canad̀ 
700 1 |a Le May, Denis 
740 0 |a vLex Libros (Servicio en ln̕ea) 
856 4 0 |u https://app.vlex.com/#/sources/34905  |z Acceso restringido 
942 |c BOOK 
999 0 |a Civil Law 
999 0 |a Public and Administrative Law